Readings in general sociology (Record no. 31272)
[ view plain ]
| 000 -LEADER | |
|---|---|
| fixed length control field | 00921nam a22002771a 4500 |
| 001 - CONTROL NUMBER | |
| control field | 7983102 |
| 005 - DATE AND TIME OF LATEST TRANSACTION | |
| control field | 20160325020005.0 |
| 008 - FIXED-LENGTH DATA ELEMENTS--GENERAL INFORMATION | |
| fixed length control field | 740927s1964 mauab b 000 0 eng |
| 010 ## - LIBRARY OF CONGRESS CONTROL NUMBER | |
| LC control number | 64002061 |
| 035 ## - SYSTEM CONTROL NUMBER | |
| System control number | (OCoLC)1023840 |
| 040 ## - CATALOGING SOURCE | |
| Original cataloging agency | DLC |
| Transcribing agency | OKentU |
| Modifying agency | OCoLC |
| -- | DLC |
| 050 00 - LIBRARY OF CONGRESS CALL NUMBER | |
| Classification number | HM66 |
| Item number | .O2 1964 |
| 050 ## - LIBRARY OF CONGRESS CALL NUMBER | |
| Classification number | HM 66.O2 1964 |
| 082 ## - DEWEY DECIMAL CLASSIFICATION NUMBER | |
| Classification number | HM 66.O2 1964 |
| 100 1# - MAIN ENTRY--PERSONAL NAME | |
| Personal name | O'Brien, Robert W. |
| Dates associated with a name | 1907- |
| Fuller form of name | (Robert William), |
| Relator term | ed. |
| 245 10 - TITLE STATEMENT | |
| Title | Readings in general sociology |
| Statement of responsibility, etc | [by] Robert W. O'Brien, Clarence C. Schrag [and] Walter T. Martin. |
| Medium | [Text] |
| 250 ## - EDITION STATEMENT | |
| Edition statement | 3d ed. |
| 260 ## - PUBLICATION, DISTRIBUTION, ETC. (IMPRINT) | |
| Place of publication, distribution, etc | Boston |
| Name of publisher, distributor, etc | Houghton Mifflin |
| Date of publication, distribution, etc | [1964] |
| 300 ## - PHYSICAL DESCRIPTION | |
| Extent | xii, 526 p. illus., diagrs., maps. 26 cm. |
| 504 ## - BIBLIOGRAPHY, ETC. NOTE | |
| Bibliography, etc | includes bibliographical references |
| 650 #0 - SUBJECT ADDED ENTRY--TOPICAL TERM | |
| Topical term or geographic name as entry element | Sociology |
| General subdivision | Collections. |
| 906 ## - LOCAL DATA ELEMENT F, LDF (RLIN) | |
| a | 7 |
| b | cbc |
| c | oclcrpl |
| d | u |
| e | ncip |
| f | 19 |
| g | y-gencatlg |
| 985 ## - | |
| -- | OCLC REPLACEMENT |
| 991 ## - | |
| -- | c-GenColl |
| -- | HM66 |
| -- | .O2 1964 |
| -- | Copy 1 |
| -- | OCLCREP |
| 942 00 - ADDED ENTRY ELEMENTS (KOHA) | |
| Koha issues (borrowed), all copies | 5 |
| Withdrawn status | Lost status | Source of classification or shelving scheme | Damaged status | Not for loan | Collection code | Home library | Current library | Shelving location | Date acquired | Source of acquisition | Cost, normal purchase price | Total Checkouts | Total Renewals | Full call number | Barcode | Date last seen | Date checked out | Copy number | Price effective from | Koha item type |
|---|---|---|---|---|---|---|---|---|---|---|---|---|---|---|---|---|---|---|---|---|
| Library of Congress Classification | General Circulation | AIU/NEGST - Tony Wilmot Memorial Library | AIU/NEGST - Tony Wilmot Memorial Library | General Stacks | 01/15/2010 | Donation - Dr. Gary Demarest | 12.95 | 7 | 2 | HM 66.O2 1964 | R22034J3232 | 05/17/2024 | 05/14/2024 | 1 | 01/15/2010 | Books |
